Microcomputer Programming

Salvato in:
Dettagli Bibliografici
Natura: Libro
Lingua:inglese
Pubblicazione: Paríž : SYBEX, 1976
Tags: Aggiungi Tag
Nessun Tag, puoi essere il primo ad aggiungerne!!

MARC

LEADER 00000nam a22000003a 4500
001 stu265890
005 20150408183036.4
008 130425s1976----fr------------------eng-d
040 |a STU  |b slo 
041 0 |a eng 
044 |a fr 
245 |a Microcomputer Programming 
260 |a Paríž :  |b SYBEX,  |c 1976 
300 |a 200 s 
996 |c I*2C2229  |l I  |s A  |a 24  |w stu265890_0001